000 00318nam a2200133Ia 4500
005 20251222151327.0
008 251222s9999||||xx |||||||||||||| ||spa||
020 _a8485246349
082 _a641.594.6/N89/T.XII
245 0 _aLa Cocina Práctica
250 _a1ra.ed.
264 _bEditorial Nueva Lente
942 _cLIB
999 _c23927
_d23927